Albums-Songs (Laufey) pt.1 - Statistics

General Stats
  • This quiz has been taken 29 times
  • The average score is 24 of 32
Answer Stats
Hint Answer % Correct
Album title Everything I Know About Love
96%
9 Everything I Know About Love
96%
Album Title Bewitched
92%
14 Bewitched
92%
1 Dreamer
85%
3 Haunted
85%
6 Lovesick
85%
8 (Interlude) Nocturne
85%
1 Fragile
81%
13 Letter To My 13 Year Old Self
81%
4 Above The Chinese Restaurant
77%
2 Beautiful Stranger
77%
10 Falling Behind
77%
10 From The Start
77%
16 Questions For The Universe
77%
2 Second Best
77%
12 Serendipity
77%
11 Hi
73%
11 Misty
73%
9 Promise
73%
5 While You Were Sleeping
73%
7 California And Me
69%
13 Night Light
69%
3 Valentine
69%
6 What Love Will Do To You
65%
5 Dear Soulmate
62%
15 Lucky For Me
62%
4 Must Be Love
62%
8 Just Like Chet
58%
12 Dance With You Tonight
54%
7 I've Never Been In Love Before
54%
14 Slow Down
54%
No matching quizzes found
Score Distribution
Percent of People with Each Score
Percentile by Number Answered
Your Score History
You have not taken this quiz